header

Beginning game graphics (Record no. 55224)

MARC details
000 -LEADER
fixed length control field 01138nam a2200313Ia 4500
082 04 - DEWEY DECIMAL CLASSIFICATION NUMBER
Classification number 794.8152
100 1# - MAIN ENTRY--AUTHOR NAME
Personal name Evry, Harry J.
245 10 - TITLE STATEMENT
Title Beginning game graphics
260 ## - PUBLICATION, DISTRIBUTION, ETC. (IMPRINT)
Place of publication Boston, Mass. :
Name of publisher Thomson Course Technology PTR,
Year of publication c2005.
300 ## - PHYSICAL DESCRIPTION
Number of Pages xvi, 379 p. :
Other physical details ill.
500 ## - GENERAL NOTE
General note Includes index.
650 #0 - SUBJECT ADDED ENTRY--TOPICAL TERM
Topical Term Computer games
Topical Term Computer graphics.
Topical Term Video games
856 40 - ELECTRONIC LOCATION AND ACCESS
Uniform Resource Identifier http://site.ebrary.com/lib/rucke/Doc?id=10082067

No items available.

© 2026 Rongo University
Contact us: librarian | system librarian | Rongo university